000 00669nam a2200145Ia 4500
008 100122s9999 xx 000 0 und d
082 _b25422
_a954.04
100 _aपिसुर्लेकर
245 _aमराठ्यांच्या इतिहासाची साधने खंड 2 रा
260 _bम.रा.साहित्य संस्कृती मंडळ
_c1974
300 _a294
630 _aमराठ्यांच्या इतिहासाची साधने खंड 2 रा
730 _aमराठ्यांच्या इतिहासाची साधने खंड 2 रा
942 _cBOOK
999 _c412210
_d412207